000 00729nam a2200229 4500
001 175771
003 ES-MaACL
005 20250827043443.0
008 101119s1985 sp |||| | spa d
020 _a8439829396
080 _a821-134.2-14"19"
100 1 _aRuiz de Torres, Juan,
_d1931-2014
_9155342
245 1 4 _aLas trece puertas del silencio /
_cJuan Ruiz de Torres.
260 _aMadrid :
_bAsociación Prometeo de Poesía,
_c1985.
300 _a72 p. ;
_c17 cm.
490 1 _aColección de poesía Altazor ;
_v1
710 2 _aAsociación Prometeo de Poesía
_91787
830 0 _aColección Altazor de poesía ;
_v1
_9179472
852 _aES-MaACL
_j2266-F-1
942 _2udc
999 _c175771
_d175771